000 00437nam a22001817a 4500
005 20200521142145.0
008 200521b xxu||||| |||| 00| 0 eng d
020 _a9788126568161
041 _aeng
082 _a301 GID
100 _aGiDDens, Antthony and sutton Philip W
_95712
245 _aSociology
250 _a8'th
260 _aNew Delhi
_bWiley India Pvt Ltd
300 _a1130p.
650 _aSociology
_95692
942 _cBK
999 _c6398
_d6396